Science Quiz

Random Science or Puzzle Quiz

Math Ladder Quiz Stats

 Plays Quiz not verified by Sporcle

Challenge
Share
Tweet
Embed
Score 0/34 Timer 03:00
0 Plays Today
% Correct
EXAMPLE: 6 x 8 + 27
100%
= 75
99.9%
= 59
99.9%
The answer is 4 x 8 + 27 = 59, so typing 4 8 27 will reveal the next question (x and + are not needed)
99.9%
= 59
99.9%
= 109
99.9%
?
99.9%
EXAMPLE: You must change only one of the 4 digits above to make it equal the answer in the right column
99.9%
4 x 8 + 27
99.9%
= 113
67.5%
4 x 8 + 77
67.5%
= 83
62.2%
4 x 9 + 77
62.2%
= 92
59.3%
4 x 9 + 47
59.3%
= 86
57.2%
5 x 9 + 47
57.2%
% Correct
= 61
54.1%
5 x 9 + 41
54.1%
= 73
51.4%
5 x 4 + 41
51.4%
= 63
48.6%
8 x 4 + 41
48.6%
= 87
47.1%
8 x 4 + 31
47.1%
= 92
43.1%
8 x 7 + 31
43.1%
= 52
40.4%
8 x 7 + 36
40.4%
= 102
36.5%
8 x 2 + 36
36.5%
= 126
33%
8 x 2 + 86
33%
8 x 5 + 86
30.8%

You're not logged in!

Compare scores with friends on all Sporcle quizzes.
Join for Free
OR
Log In

You Might Also Like...

Show Comments

Extras

Top Quizzes Today


Score Distribution

Your Account Isn't Verified!

In order to create a playlist on Sporcle, you need to verify the email address you used during registration. Go to your Sporcle Settings to finish the process.

Report this User

Report this user for behavior that violates our Community Guidelines.

Details: